[Event "Macskasy mem D"]
[Site "Vancouver CAN"]
[Date "2005.07.31"]
[Round "4.2"]
[White "Raymer, Elliot"]
[Black "Han, Yifei"]
[Result "1-0"]
[WhiteElo "1579"]
[BlackElo "1408"]
[PlyCount "131"]
[GameId "2160767910900819"]
[EventDate "2005.07.30"]
[EventType "tourn"]
[EventRounds "5"]
[EventCountry "CAN"]
[SourceTitle "Scoresheets"]

1. e4 e5 2. Nf3 Nc6 3. Bc4 Nf6 4. d3 Bc5 5. Nc3 d6 6. h3 h6 7. Be3 Bb6 8. O-O O-O 9. Qd2 Bxe3 10. fxe3 Na5 11. Bb3 Nxb3 12. axb3 b6 13. Qf2 c6 14. d4 Re8 15. Rae1 Ba6 16. dxe5 dxe5 17. Rd1 Qc7 18. Rfe1 Rad8 19. Rxd8 Rxd8 20. Qg3 Re8 21. Rd1 Bb7 22. h4 a5 23. Rf1 c5 24. Nd2 Qd7 25. Rxf6 Qxd2 26. Rxb6 Bc8 27. Nd5 Kh8 28. Qf2 Qd1+ 29. Kh2 Qg4 30. Nc3 Qd7 31. Na4 Qc7 32. Qd2 Bb7 33. Qxa5 Rc8 34. c3 Qe7 35. g3 Qc7 36. Nxc5 Qxc5 37. Qxc5 Rxc5 38. Rxb7 f6 39. Kh3 Kh7 40. Kg4 Rc6 41. Kf5 h5 42. Re7 Rb6 43. b4 Rd6 44. Re6 Rd2 45. Ra6 Rxb2 46. Ke6 Re2 47. b5 Rxe3 48. b6 Rxc3 49. b7 Rb3 50. Ra7 Kh6 51. Kd6 g5 52. Kc7 Kg6 53. b8=Q Rxb8 54. Kxb8 gxh4 55. gxh4 Kh6 56. Kc8 Kg6 57. Kd8 Kh6 58. Ke8 Kg6 59. Kf8 f5 60. Ra6+ Kh7 61. exf5 e4 62. Ra3 e3 63. Rxe3 Kh8 64. Re6 Kh7 65. Ra6 Kh8 66. Rh6# 1-0

[Event "Macskasy mem D"]
[Site "Vancouver CAN"]
[Date "2005.07.31"]
[Round "4.3"]
[White "Chiang, Berthold"]
[Black "Kirk, Adam"]
[Result "0-1"]
[WhiteElo "1428"]
[BlackElo "1449"]
[PlyCount "110"]
[GameId "2160767910900820"]
[EventDate "2005.07.30"]
[EventType "tourn"]
[EventRounds "5"]
[EventCountry "CAN"]
[SourceTitle "Scoresheets"]

1. e4 e5 2. f4 exf4 3. Nf3 d6 4. d4 Be7 5. Bxf4 Nf6 6. Nc3 O-O 7. Bc4 Bg4 8. O-O Nc6 9. Qd2 a6 10. Rae1 b5 11. Bd5 Nxd5 12. Nxd5 f5 13. Nxe7+ Nxe7 14. Ng5 Qd7 15. d5 fxe4 16. Rxe4 Rf6 17. Ne6 Bxe6 18. Rxe6 Rxe6 19. dxe6 Qxe6 20. Bg5 Ng6 21. Qc3 c5 22. Qf3 Rf8 23. Qe3 Qxe3+ 24. Bxe3 Rxf1+ 25. Kxf1 Kf7 26. g3 Ne5 27. b3 Ke6 28. Ke2 Nc6 29. Kd2 Kd5 30. a3 Ne5 31. Ke2 Ng4 32. h3 Nxe3 33. Kxe3 a5 34. h4 a4 35. bxa4 bxa4 36. Kd3 c4+ 37. Ke3 Ke5 38. c3 h5 39. Kf3 Kf5 40. Ke3 Kg4 41. Kf2 d5 42. Ke3 Kxg3 43. Kd4 Kxh4 44. Kxd5 g5 45. Kxc4 g4 46. Kd5 g3 47. c4 g2 48. c5 g1=Q 49. c6 Qd1+ 50. Kc5 Qc2+ 51. Kb6 Qb3+ 52. Kc7 Qxa3 53. Kd7 Qd3+ 54. Kc7 Qc4 55. Kb7 Qxc6+ 0-1

[Event "Macskasy mem D"]
[Site "Vancouver CAN"]
[Date "2005.08.01"]
[Round "5.1"]
[White "Kirk, Adam"]
[Black "Paulson, Stewart"]
[Result "1-0"]
[WhiteElo "1449"]
[BlackElo "1472"]
[PlyCount "51"]
[GameId "2160767910900821"]
[EventDate "2005.07.30"]
[EventType "tourn"]
[EventRounds "5"]
[EventCountry "CAN"]
[SourceTitle "Scoresheets"]

1. e4 e5 2. Nf3 Nc6 3. Bc4 Nf6 4. O-O Be7 5. Re1 O-O 6. c3 d6 7. h3 Na5 8. Bb5 a6 9. Ba4 b5 10. Bc2 Bb7 11. d4 exd4 12. cxd4 Nc4 13. b3 Nb6 14. Bb2 d5 15. e5 Ne4 16. Nbd2 Bb4 17. Re2 Ng5 18. Nxg5 Qxg5 19. Nf3 Qd8 20. Qd3 g6 21. Bc1 Bc8 22. Qe3 Be7 23. Qh6 Nd7 24. Ng5 Bxg5 25. Bxg5 Qe8 26. Bf6 1-0

[Event "Macskasy mem D"]
[Site "Vancouver CAN"]
[Date "2005.08.01"]
[Round "5.2"]
[White "Han, Yifei"]
[Black "Chiang, Berthold"]
[Result "0-1"]
[WhiteElo "1408"]
[BlackElo "1428"]
[PlyCount "94"]
[GameId "2160767910900822"]
[EventDate "2005.07.30"]
[EventType "tourn"]
[EventRounds "5"]
[EventCountry "CAN"]
[SourceTitle "Scoresheets"]

1. e4 c5 2. Nf3 d6 3. d4 cxd4 4. Nxd4 Nf6 5. Nc3 a6 6. Be2 e6 7. O-O Be7 8. h3 O-O 9. Kh2 Qc7 10. f4 Nbd7 11. Nf3 Rd8 12. Nd4 Nc5 13. Bf3 e5 14. Nf5 Bf8 15. g4 g6 16. Ng3 Bg7 17. f5 b5 18. Be3 b4 19. Nd5 Nxd5 20. Qxd5 Bb7 21. Qc4 a5 22. Rad1 Ba6 23. Qd5 Bxf1 24. Rxf1 Na4 25. Qb3 Nc5 26. Qc4 Rac8 27. b3 Qb7 28. Qe2 a4 29. Bxc5 Rxc5 30. bxa4 Qc6 31. Rc1 Qxa4 32. Qd2 Qxa2 33. Qxb4 Rxc2+ 34. Rxc2 Qxc2+ 35. Be2 Ra8 36. Qe1 Bh6 37. Kg2 Bf4 38. f6 Bxg3 39. Kxg3 Qxe4 40. Qd2 Ra3+ 41. Kh2 Qf4+ 42. Qxf4 exf4 43. Kg2 g5 44. Bf1 d5 45. Kf2 Re3 46. Bg2 d4 47. Bf3 d3 0-1

[Event "Macskasy mem D"]
[Site "Vancouver CAN"]
[Date "2005.08.01"]
[Round "5.3"]
[White "Milner, Arie"]
[Black "Raymer, Elliot"]
[Result "0-1"]
[WhiteElo "1511"]
[BlackElo "1579"]
[PlyCount "90"]
[GameId "2160767910900823"]
[EventDate "2005.07.30"]
[EventType "tourn"]
[EventRounds "5"]
[EventCountry "CAN"]
[SourceTitle "Scoresheets"]

1. e4 e5 2. Bc4 Nf6 3. Nc3 Nc6 4. d3 Bc5 5. f4 d6 6. Nf3 Ng4 7. Ng5 O-O 8. f5 Bf2+ 9. Kf1 Ne3+ 10. Bxe3 Bxe3 11. Nf3 Na5 12. Bb3 Nxb3 13. axb3 g6 14. g4 c6 15. Qe2 Bb6 16. Rd1 Re8 17. Kg2 gxf5 18. gxf5 Kh8 19. Kf1 Rg8 20. Na4 Ba5 21. Rg1 Rxg1+ 22. Kxg1 b5 23. Nc3 Bb6+ 24. Kf1 Ba6 25. Qd2 Qg8 26. Qh6 Qg4 27. Qf6+ Kg8 28. Qg5+ Qxg5 29. Nxg5 h6 30. Nf3 Kh7 31. Ke2 Rg8 32. Kf1 Rg4 33. Rd2 Bc8 34. Rg2 Rxg2 35. Kxg2 f6 36. Nh4 Bd7 37. Kg3 Be8 38. Kg4 Bd4 39. Nf3 Bxc3 40. bxc3 a5 41. Nd2 a4 42. Nb1 h5+ 43. Kh4 Kh6 44. Na3 Bf7 45. c4 b4 0-1

[Event "Macskasy mem E"]
[Site "Vancouver CAN"]
[Date "2005.07.30"]
[Round "1.1"]
[White "Cosenza, Aaron"]
[Black "Sabaratnam, Thiruvaran"]
[Result "0-1"]
[WhiteElo "1304"]
[BlackElo "1111"]
[PlyCount "140"]
[GameId "2160767910900824"]
[EventDate "2005.07.30"]
[EventType "swiss"]
[EventRounds "5"]
[EventCountry "CAN"]
[SourceTitle "Scoresheets"]

1. e4 e5 2. Nf3 Nc6 3. Bc4 Bc5 4. Nc3 Nf6 5. d3 h6 6. O-O d6 7. h3 O-O 8. Be3 Bb6 9. Qd2 Bxe3 10. fxe3 Be6 11. Bb3 Bxb3 12. axb3 Ne7 13. d4 Ng6 14. Kh2 Re8 15. Rad1 c6 16. d5 c5 17. Qf2 a6 18. Nh4 Nxh4 19. Qxh4 Nh7 20. Qf2 Qf6 21. Qf5 Qxf5 22. exf5 Nf6 23. e4 b5 24. Nb1 Rac8 25. Nd2 c4 26. bxc4 bxc4 27. c3 Rc7 28. Ra1 Ra8 29. Ra4 a5 30. Kg3 Rb8 31. Rb1 Rb5 32. Kf3 Rbc5 33. Rba1 Rb5 34. R1a2 Nd7 35. Nxc4 Nc5 36. Ke3 Nb7 37. Nxa5 Nxa5 38. Rxa5 Rxa5 39. Rxa5 Rb7 40. b4 Kf8 41. Ra8+ Ke7 42. Rg8 Kf6 43. Ra8 Ke7 44. h4 f6 45. Ra4 Kd7 46. c4 Kc7 47. b5 Kb6 48. Ra6+ Kc5 49. Kd3 Kb4 50. Rxd6 Rc7 51. Rc6 Rb7 52. Ra6 Rc7 53. Rc6 Ra7 54. Ra6 Rc7 55. g4 Rxc4 56. Rc6 Rd4+ 57. Ke3 Kxb5 58. Rc7 Ra4 59. Kd3 Ra3+ 60. Rc3 Ra2 61. d6 Ra1 62. d7 Rd1+ 63. Kc2 Rxd7 64. Rd3 Rd4 65. Re3 Rc4+ 66. Kd2 Rd4+ 67. Kc3 Kc6 68. Kc2 Kc5 69. Rd3 Kc4 70. Rxd4+ Kxd4 0-1

[Event "Macskasy mem E"]
[Site "Vancouver CAN"]
[Date "2005.07.30"]
[Round "1.2"]
[White "Zhao, Donovan"]
[Black "Enns, Edward"]
[Result "0-1"]
[WhiteElo "1093"]
[BlackElo "1284"]
[PlyCount "128"]
[GameId "2160767910900825"]
[EventDate "2005.07.30"]
[EventType "swiss"]
[EventRounds "5"]
[EventCountry "CAN"]
[SourceTitle "Scoresheets"]

1. e4 c5 2. Nf3 d6 3. d4 cxd4 4. Nxd4 a6 5. Nc3 g6 6. Be3 Bg7 7. Bc4 e5 8. Nde2 Ne7 9. O-O O-O 10. f4 Be6 11. Bxe6 fxe6 12. fxe5 Bxe5 13. Qd2 Nd7 14. Nd4 Rxf1+ 15. Rxf1 Nf8 16. Bh6 Qd7 17. Nf3 Bxc3 18. Qxc3 e5 19. Rd1 Rc8 20. Qb3+ Qe6 21. Qxb7 Rxc2 22. Qb6 Rc6 23. Qb8 Qc8 24. Qa7 Rc7 25. Qf2 Qg4 26. Re1 Ne6 27. Ng5 Nf4 28. Qf3 Qh4 29. g3 Qxh6 30. gxf4 Qh4 31. Rf1 Rc2 32. Rf2 Qxf2+ 33. Qxf2 Rxf2 34. Kxf2 exf4 35. Kf3 h6 36. Ne6 g5 37. h4 Kf7 38. Nd4 Ng6 39. hxg5 hxg5 40. Kg4 Ne5+ 41. Kxg5 f3 42. Nc2 f2 43. Ne3 Nc4 44. Nf1 Nxb2 45. Kf4 Ke6 46. Kf3 Nd1 47. Ke2 Nc3+ 48. Kf3 Nxa2 49. Kxf2 Ke5 50. Ke3 a5 51. Nd2 a4 52. Nb1 Nc1 53. Na3 Nb3 54. Nc4+ Ke6 55. Kf4 d5 56. exd5+ Kxd5 57. Na3 Nd2 58. Nc2 Kc4 59. Ke3 Nb1 60. Nd4 a3 61. Nc2 a2 62. Ke2 Kc3 63. Kd1 Na3 64. Na1 Kb2 0-1

[Event "Macskasy mem E"]
[Site "Vancouver CAN"]
[Date "2005.07.30"]
[Round "1.3"]
[White "Sohal, Tanraj"]
[Black "Choi, David"]
[Result "1-0"]
[WhiteElo "1267"]
[BlackElo "992"]
[PlyCount "47"]
[GameId "2160767910900826"]
[EventDate "2005.07.30"]
[EventType "swiss"]
[EventRounds "5"]
[EventCountry "CAN"]
[SourceTitle "Scoresheets"]

1. e4 e5 2. Nf3 Nc6 3. Bb5 Nf6 4. O-O Bc5 5. d3 O-O 6. Bg5 h6 7. Bh4 a6 8. Bc4 d6 9. Nc3 Bg4 10. h3 Bh5 11. Nd5 Nd4 12. Kh1 Kh8 13. g4 g5 14. gxh5 Nxd5 15. Bxd5 c6 16. Nxd4 gxh4 17. Nxc6 bxc6 18. Bxc6 Rc8 19. Bb7 Rb8 20. Bxa6 Rxb2 21. Bc4 Qf6 22. Bb3 Bd4 23. Rc1 Bxf2 24. Qe2 1-0

[Event "Macskasy mem E"]
[Site "Vancouver CAN"]
[Date "2005.07.30"]
[Round "1.4"]
[White "Chang, Allan"]
[Black "Hui, Christopher"]
[Result "0-1"]
[WhiteElo "944"]
[BlackElo "1178"]
[PlyCount "96"]
[GameId "2160767910900827"]
[EventDate "2005.07.30"]
[EventType "swiss"]
[EventRounds "5"]
[EventCountry "CAN"]
[SourceTitle "Scoresheets"]

1. e4 c5 2. Nc3 Nc6 3. Nf3 e6 4. d3 d5 5. e5 Qc7 6. Bf4 a6 7. g3 Nge7 8. Qe2 Ng6 9. h4 Nxf4 10. gxf4 g6 11. Rg1 h5 12. Qd2 Bh6 13. Ne2 b6 14. b3 Bb7 15. c4 O-O-O 16. cxd5 Rxd5 17. Nc3 Nxe5 18. Nxe5 Rxe5+ 19. Be2 Rd8 20. Rg3 Rf5 21. Qc2 Bxf4 22. Rg1 Be5 23. O-O-O Rxf2 24. Rgf1 Rh2 25. Ne4 Bf4+ 26. Kb1 Be3 27. Rh1 Rxh1 28. Rxh1 f5 29. Bf3 fxe4 30. dxe4 Kb8 31. Rd1 e5 32. Rxd8+ Qxd8 33. Qe2 Qd2 34. Qxd2 Bxd2 35. Kc2 Be1 36. Kd1 Bxh4 37. Ke2 Kc7 38. Kf1 Bg3 39. Kg2 h4 40. Kh3 Bc8+ 41. Bg4 Bxg4+ 42. Kxg4 b5 43. Kf3 c4 44. Ke3 c3 45. Kd3 h3 46. Kxc3 h2 47. Kd2 h1=Q 48. Ke2 Qxe4+ 0-1

[Event "Macskasy mem E"]
[Site "Vancouver CAN"]
[Date "2005.07.30"]
[Round "2.1"]
[White "Enns, Edward"]
[Black "Hui, Christopher"]
[Result "0-1"]
[WhiteElo "1284"]
[BlackElo "1178"]
[PlyCount "114"]
[GameId "2160767910900828"]
[EventDate "2005.07.30"]
[EventType "swiss"]
[EventRounds "5"]
[EventCountry "CAN"]
[SourceTitle "Scoresheets"]

1. e4 c5 2. Nf3 Nc6 3. Bb5 e6 4. Bxc6 bxc6 5. O-O Nf6 6. Nc3 Be7 7. Qe2 O-O 8. b3 d5 9. d3 Ba6 10. e5 Nd7 11. Bf4 Nb6 12. Qd2 Qc7 13. Rfe1 Rfd8 14. Bg5 Bxg5 15. Qxg5 c4 16. d4 c5 17. Ne2 cxb3 18. axb3 Bxe2 19. Rxe2 c4 20. Ra3 a5 21. Qd2 cxb3 22. Rxb3 a4 23. Rb1 Nc4 24. Qc1 a3 25. Ra1 Rdb8 26. c3 Qa5 27. Rea2 Rb2 28. Rxa3 Qxa3 29. Rxa3 Rxa3 30. g3 Rbb3 31. Qg5 Ra8 32. Qc1 h6 33. Nd2 Nxd2 34. Qxd2 Rc8 35. h4 Rcxc3 36. Kg2 Rc4 37. Qa5 Rc8 38. g4 Rbb8 39. g5 hxg5 40. hxg5 g6 41. Kg3 Kg7 42. Qd2 Rb3+ 43. Kg4 Rc4 44. Qf4 Rbb4 45. Qf6+ Kg8 46. Qd8+ Kh7 47. Qf6 Rxd4+ 48. f4 Rxf4+ 49. Qxf4 Rxf4+ 50. Kxf4 Kg8 51. Ke3 Kf8 52. Kd4 Ke7 53. Ke3 Kd7 54. Kd3 Kc6 55. Kd4 Kb5 56. Kc3 Kc5 57. Kd3 d4 0-1

[Event "Macskasy mem E"]
[Site "Vancouver CAN"]
[Date "2005.07.30"]
[Round "2.2"]
[White "Sabaratnam, Thiruvaran"]
[Black "Sohal, Tanraj"]
[Result "0-1"]
[WhiteElo "1111"]
[BlackElo "1267"]
[PlyCount "118"]
[GameId "2160767910900829"]
[EventDate "2005.07.30"]
[EventType "swiss"]
[EventRounds "5"]
[EventCountry "CAN"]
[SourceTitle "Scoresheets"]

1. e4 c5 2. Nf3 d6 3. d4 cxd4 4. Nxd4 Nf6 5. Nc3 a6 6. Be3 Bd7 7. Be2 e5 8. Nf3 Be7 9. O-O Nc6 10. h3 Rc8 11. a3 O-O 12. Na4 Nxe4 13. Bd3 Nc5 14. Nxc5 dxc5 15. Be4 Qc7 16. Bxc6 Bxc6 17. c3 Rcd8 18. Qe2 b5 19. Rad1 c4 20. Rxd8 Rxd8 21. Nh2 Be4 22. Rd1 Bd3 23. Qg4 Qd7 24. Qxd7 Rxd7 25. Ng4 f6 26. Nh2 e4 27. Nf1 f5 28. Ng3 g6 29. Ne2 Bf6 30. Nf4 g5 31. Ne6 f4 32. Nc5 Re7 33. Bd4 Bxd4 34. cxd4 e3 35. Nxa6 e2 36. Re1 Rd7 37. f3 Rxd4 38. Nc7 Rd7 39. Nxb5 Rb7 40. a4 Kg7 41. Kf2 Kf6 42. g3 h5 43. g4 h4 44. Nc3 Rxb2 45. Nxe2 c3 46. Kf1 Bxe2+ 47. Rxe2 c2 48. Rxc2 Rxc2 49. Ke1 Ke5 50. Kd1 Rh2 51. a5 Ra2 52. a6 Rxa6 53. Kd2 Ra3 54. Ke2 Kd4 55. Kf2 Ra2+ 56. Kf1 Ke3 57. Kg1 Kxf3 58. Kh1 Kg3 59. Kg1 Ra1# 0-1

[Event "Macskasy mem E"]
[Site "Vancouver CAN"]
[Date "2005.07.30"]
[Round "2.3"]
[White "Choi, David"]
[Black "Cosenza, Aaron"]
[Result "0-1"]
[WhiteElo "992"]
[BlackElo "1304"]
[PlyCount "68"]
[GameId "2160767910900830"]
[EventDate "2005.07.30"]
[EventType "swiss"]
[EventRounds "5"]
[EventCountry "CAN"]
[SourceTitle "Scoresheets"]

1. e4 e5 2. Nf3 Nc6 3. Nc3 Bc5 4. Bc4 Nf6 5. O-O O-O 6. d3 h6 7. Be3 Bb6 8. h3 d6 9. Re1 Be6 10. Bb3 Nd4 11. Nd5 Nxd5 12. Nxd4 Nxe3 13. Nxe6 Nxd1 14. Nxd8 Bxf2+ 15. Kh2 Bxe1 16. Rxd1 Bh4 17. Nxb7 Rab8 18. Na5 Bf2 19. Rf1 Bb6 20. Nc6 Rb7 21. Bd5 Rbb8 22. Nxb8 Rxb8 23. Bxf7+ Kh7 24. Bb3 Bd4 25. Rf7 Bb6 26. g4 Kg6 27. Kg3 Rh8 28. h4 h5 29. g5 Rd8 30. c4 Kxf7 31. c5+ Ke7 32. cxb6 axb6 33. Bd5 Rf8 34. b4 Rf1 0-1

[Event "Macskasy mem E"]
[Site "Vancouver CAN"]
[Date "2005.07.30"]
[Round "2.4"]
[White "Chang, Allan"]
[Black "Zhao, Donovan"]
[Result "0-1"]
[WhiteElo "944"]
[BlackElo "1093"]
[PlyCount "46"]
[GameId "2160767910900831"]
[EventDate "2005.07.30"]
[EventType "swiss"]
[EventRounds "5"]
[EventCountry "CAN"]
[SourceTitle "Scoresheets"]

1. e4 e5 2. Bc4 Nf6 3. Nf3 Nc6 4. Nc3 Nxe4 5. Nxe4 d5 6. d3 dxe4 7. dxe4 Qxd1+ 8. Kxd1 Bg4 9. h3 O-O-O+ 10. Bd2 Bxf3+ 11. gxf3 Bc5 12. Rf1 f6 13. Be6+ Kb8 14. Bd5 Nd4 15. Be3 c6 16. Bc4 Nb3+ 17. Bd3 Nxa1 18. Bxc5 b6 19. Be7 Rd7 20. Ba3 c5 21. Kc1 Rhd8 22. Bb5 Rd6 23. Kb1 Rd1+ 0-1

[Event "Macskasy mem E"]
[Site "Vancouver CAN"]
[Date "2005.07.31"]
[Round "3.1"]
[White "Hui, Christopher"]
[Black "Sohal, Tanraj"]
[Result "1/2-1/2"]
[WhiteElo "1178"]
[BlackElo "1267"]
[PlyCount "60"]
[GameId "2160767910900832"]
[EventDate "2005.07.30"]
[EventType "swiss"]
[EventRounds "5"]
[EventCountry "CAN"]
[SourceTitle "Scoresheets"]

1. d4 Nf6 2. Nf3 d5 3. e3 Bf5 4. Be2 e6 5. O-O Bd6 6. c4 c6 7. Nc3 O-O 8. Nh4 Bg6 9. Nxg6 fxg6 10. cxd5 cxd5 11. Re1 Nc6 12. Bg4 Nxg4 13. Qxg4 Qf6 14. Re2 a6 15. a3 Rad8 16. b4 Bb8 17. Bb2 e5 18. Na4 exd4 19. Nc5 Rfe8 20. Nxb7 Ne5 21. Qh3 d3 22. Rd2 Rc8 23. f4 Qb6 24. fxe5 Qxb7 25. e6 Rc2 26. Rad1 Qc6 27. Qf3 Qxe6 28. Bd4 Qe4 29. Qf1 Be5 30. Qxd3 Rxd2 1/2-1/2

[Event "Macskasy mem E"]
[Site "Vancouver CAN"]
[Date "2005.07.31"]
[Round "3.2"]
[White "Cosenza, Aaron"]
[Black "Zhao, Donovan"]
[Result "1/2-1/2"]
[WhiteElo "1304"]
[BlackElo "1093"]
[PlyCount "55"]
[GameId "2160767910900833"]
[EventDate "2005.07.30"]
[EventType "swiss"]
[EventRounds "5"]
[EventCountry "CAN"]
[SourceTitle "Scoresheets"]

1. e4 e5 2. Nf3 Nc6 3. Bc4 Nf6 4. Nc3 Bc5 5. d3 d6 6. h3 Be6 7. Bb3 h6 8. Be3 Bb4 9. Qd2 d5 10. exd5 Nxd5 11. Bxd5 Bxd5 12. Qd1 O-O 13. O-O Bxc3 14. bxc3 e4 15. Nd4 Nxd4 16. Bxd4 Qg5 17. Qg4 Qxg4 18. hxg4 exd3 19. cxd3 Rfe8 20. c4 Bc6 21. Rae1 Rad8 22. Rxe8+ Bxe8 23. Be3 Rxd3 24. Bxa7 Bd7 25. f3 Be6 26. Rb1 Bxc4 27. Rxb7 Bxa2 28. Rxc7 1/2-1/2

[Event "Macskasy mem E"]
[Site "Vancouver CAN"]
[Date "2005.07.31"]
[Round "3.3"]
[White "Sabaratnam, Thiruvaran"]
[Black "Enns, Edward"]
[Result "1-0"]
[WhiteElo "1111"]
[BlackElo "1284"]
[PlyCount "55"]
[GameId "2160767910900834"]
[EventDate "2005.07.30"]
[EventType "swiss"]
[EventRounds "5"]
[EventCountry "CAN"]
[SourceTitle "Scoresheets"]

1. e4 c5 2. Nf3 d6 3. d4 cxd4 4. Nxd4 a6 5. Nc3 g6 6. Be3 Bg7 7. Be2 e6 8. Qd2 Ne7 9. O-O O-O 10. Rad1 Bd7 11. f4 f5 12. exf5 Nxf5 13. Nxf5 exf5 14. Qd5+ Kh8 15. Qxd6 Qe8 16. Qd3 Nc6 17. Bc5 Rf7 18. Rfe1 Rd8 19. Qf3 Bxc3 20. Qxc3+ Rg7 21. Bxa6 Qxe1+ 22. Qxe1 bxa6 23. Rd6 Re7 24. Qd2 Rde8 25. Rxd7 Re1+ 26. Kf2 R1e4 27. Qc3+ Kg8 28. Qg7# 1-0

[Event "Macskasy mem E"]
[Site "Vancouver CAN"]
[Date "2005.07.31"]
[Round "3.4"]
[White "Choi, David"]
[Black "Chang, Allan"]
[Result "1-0"]
[WhiteElo "992"]
[BlackElo "944"]
[PlyCount "67"]
[GameId "2160767910900835"]
[EventDate "2005.07.30"]
[EventType "swiss"]
[EventRounds "5"]
[EventCountry "CAN"]
[SourceTitle "Scoresheets"]

1. e4 e5 2. Nf3 Nc6 3. Nc3 Bb4 4. d4 exd4 5. Nxd4 Nxd4 6. Qxd4 Bxc3+ 7. Qxc3 f6 8. Bf4 c6 9. O-O-O d5 10. exd5 cxd5 11. Bc4 Ne7 12. Rhe1 Bg4 13. Rxd5 Bd7 14. Bb5 Rc8 15. Qd3 Bxb5 16. Rxd8+ Rxd8 17. Qxb5+ Kf7 18. Qe2 Rhe8 19. Qe6+ Kf8 20. Bd6 Rxd6 21. Qxd6 Kf7 22. Qd7 Kf8 23. Qxb7 Nf5 24. Rxe8+ Kxe8 25. Qe4+ Ne7 26. Qxh7 Kf8 27. c4 g6 28. c5 Ke8 29. Qg7 f5 30. Qe5 Kd8 31. c6 Ke8 32. c7 Kf7 33. Qxe7+ Kxe7 34. c8=Q 1-0

[Event "Macskasy mem E"]
[Site "Vancouver CAN"]
[Date "2005.07.31"]
[Round "4.1"]
[White "Sohal, Tanraj"]
[Black "Cosenza, Aaron"]
[Result "1-0"]
[WhiteElo "1267"]
[BlackElo "1304"]
[PlyCount "97"]
[GameId "2160767910900836"]
[EventDate "2005.07.30"]
[EventType "swiss"]
[EventRounds "5"]
[EventCountry "CAN"]
[SourceTitle "Scoresheets"]

1. e4 e5 2. Nf3 Nf6 3. Nxe5 d6 4. Nf3 Nxe4 5. Be2 Be7 6. O-O O-O 7. d3 Ng5 8. Bf4 Nxf3+ 9. Bxf3 Nc6 10. Nc3 Bd7 11. Re1 Re8 12. Qd2 Rb8 13. Nd5 Nd4 14. Be4 Bf5 15. c3 Bxe4 16. Rxe4 c6 17. Nxe7+ Rxe7 18. cxd4 Qd7 19. Rae1 Rbe8 20. Rxe7 Rxe7 21. Rxe7 Qxe7 22. Qe3 Qd7 23. g3 d5 24. Qe5 f6 25. Qb8+ Kf7 26. Qc7 Qxc7 27. Bxc7 a6 28. Kg2 Ke6 29. f4 f5 30. Be5 g6 31. Kf3 b5 32. b4 h5 33. h3 Kf7 34. g4 h4 35. gxf5 gxf5 36. Bd6 Kg6 37. Be7 Kh5 38. Bg5 Kg6 39. Bxh4 Kh5 40. Be7 Kg6 41. Kg3 Kh5 42. a3 Kg6 43. Kh4 Kh6 44. Bd6 Kg6 45. Bf8 Kf6 46. Kh5 Kf7 47. Kg5 Kxf8 48. Kxf5 Kg7 49. Ke6 1-0

[Event "Macskasy mem E"]
[Site "Vancouver CAN"]
[Date "2005.07.31"]
[Round "4.2"]
[White "Hui, Christopher"]
[Black "Sabaratnam, Thiruvaran"]
[Result "1-0"]
[WhiteElo "1178"]
[BlackElo "1111"]
[PlyCount "97"]
[GameId "2160767910900837"]
[EventDate "2005.07.30"]
[EventType "swiss"]
[EventRounds "5"]
[EventCountry "CAN"]
[SourceTitle "Scoresheets"]

1. d4 d5 2. Nf3 Nf6 3. e3 e6 4. Bd3 Be7 5. Nbd2 O-O 6. Qe2 b6 7. e4 dxe4 8. Nxe4 Bb7 9. Nfg5 Nxe4 10. Bxe4 Bxe4 11. Qxe4 Bxg5 12. Bxg5 Qxg5 13. Qxa8 Nd7 14. Qc6 Nf6 15. O-O Nh5 16. Rae1 f5 17. Qxe6+ Kh8 18. Qe7 Qxe7 19. Rxe7 Rc8 20. Rfe1 Nf6 21. c4 h6 22. R1e5 Rd8 23. d5 c6 24. Rxf5 cxd5 25. cxd5 Nxd5 26. Ref7 Ne7 27. Rf8+ Rxf8 28. Rxf8+ Kh7 29. Ra8 Nc6 30. Rc8 Nd4 31. a4 a5 32. Rb8 Ne2+ 33. Kf1 Nf4 34. Rxb6 Nd3 35. b3 Nb4 36. Rb5 Nc6 37. Rc5 Nd4 38. Rxa5 Nxb3 39. Ra8 Nc5 40. a5 Nb7 41. a6 Nc5 42. a7 Kg6 43. Rf8 Ne6 44. a8=Q Nxf8 45. Qxf8 Kh5 46. Qf5+ g5 47. g4+ Kh4 48. Qf3 h5 49. Qg3# 1-0

[Event "Macskasy mem E"]
[Site "Vancouver CAN"]
[Date "2005.07.31"]
[Round "4.3"]
[White "Zhao, Donovan"]
[Black "Choi, David"]
[Result "1-0"]
[WhiteElo "1093"]
[BlackElo "992"]
[PlyCount "80"]
[GameId "2160767910900838"]
[EventDate "2005.07.30"]
[EventType "swiss"]
[EventRounds "5"]
[EventCountry "CAN"]
[SourceTitle "Scoresheets"]

1. e4 e5 2. Nf3 Nc6 3. Bc4 Bc5 4. d3 d6 5. Be3 Nf6 6. Nbd2 O-O 7. O-O Be6 8. Bxc5 dxc5 9. Bxe6 fxe6 10. Ne1 b5 11. Qe2 Nd4 12. Qd1 c6 13. c3 a6 14. cxd4 Qxd4 15. Qb3 Rf7 16. Nef3 Qd6 17. Rfc1 Rd8 18. Ne1 Nxe4 19. Nxe4 Qd5 20. Qxd5 Rxd5 21. Rxc5 Rxc5 22. Nxc5 Re7 23. Nxa6 Rd7 24. Rc1 Rd4 25. a3 e4 26. dxe4 Rxe4 27. Kf1 Rc4 28. Rxc4 bxc4 29. Ke2 g5 30. Ke3 g4 31. Kd4 g3 32. hxg3 e5+ 33. Kxe5 c3 34. bxc3 h5 35. Kd6 h4 36. gxh4 c5 37. Nxc5 Kh7 38. a4 Kh6 39. a5 Kh5 40. a6 Kxh4 1-0

[Event "Macskasy mem E"]
[Site "Vancouver CAN"]
[Date "2005.07.31"]
[Round "4.4"]
[White "Enns, Edward"]
[Black "Chang, Allan"]
[Result "1-0"]
[WhiteElo "1284"]
[BlackElo "944"]
[PlyCount "73"]
[GameId "2160767910900839"]
[EventDate "2005.07.30"]
[EventType "swiss"]
[EventRounds "5"]
[EventCountry "CAN"]
[SourceTitle "Scoresheets"]

1. e4 e5 2. Nf3 Nc6 3. Bb5 Bd6 4. O-O Nf6 5. Re1 O-O 6. d4 Re8 7. Bg5 h6 8. Bxf6 Qxf6 9. Bxc6 dxc6 10. h3 c5 11. c3 b6 12. d5 b5 13. a4 b4 14. c4 Ba6 15. Nbd2 Qf4 16. Qc2 Reb8 17. Nb3 Rb7 18. Na5 Rb6 19. Nc6 b3 20. Qc3 f6 21. Na5 Rab8 22. Ra3 f5 23. g3 Qxf3 24. Qxf3 fxe4 25. Rxe4 Rf8 26. Qe3 Re8 27. Nxb3 Rxb3 28. Rxb3 Bc8 29. Kg2 Bf5 30. Rf4 exf4 31. Qxe8+ Kh7 32. g4 Bc2 33. Rb8 c6 34. Qh8+ Kg6 35. Rb7 Be4+ 36. f3 cxd5 37. Qxg7# 1-0

[Event "Macskasy mem E"]
[Site "Vancouver CAN"]
[Date "2005.08.01"]
[Round "5.1"]
[White "Sohal, Tanraj"]
[Black "Enns, Edward"]
[Result "1-0"]
[WhiteElo "1267"]
[BlackElo "1284"]
[PlyCount "57"]
[GameId "2160767910900840"]
[EventDate "2005.07.30"]
[EventType "swiss"]
[EventRounds "5"]
[EventCountry "CAN"]
[SourceTitle "Scoresheets"]

1. e4 c5 2. Nf3 d6 3. d4 cxd4 4. Nxd4 Nf6 5. Nc3 g6 6. Be3 Bg7 7. Bc4 O-O 8. f3 e6 9. Qd2 Re8 10. Bh6 Qc7 11. Bxg7 Kxg7 12. Bb3 a6 13. O-O b5 14. Rac1 Qb6 15. Kh1 Bb7 16. Qe3 Nbd7 17. Qf2 e5 18. Nde2 Qxf2 19. Rxf2 Nc5 20. Rd1 Rad8 21. Ng3 Nxb3 22. cxb3 d5 23. exd5 Nxd5 24. Nxd5 Bxd5 25. Rfd2 e4 26. fxe4 Bxe4 27. Rxd8 Bc2 28. Rxe8 Bxd1 29. Ra8 1-0

[Event "Macskasy mem E"]
[Site "Vancouver CAN"]
[Date "2005.08.01"]
[Round "5.2"]
[White "Hui, Christopher"]
[Black "Zhao, Donovan"]
[Result "0-1"]
[WhiteElo "1178"]
[BlackElo "1093"]
[PlyCount "54"]
[GameId "2160767910900841"]
[EventDate "2005.07.30"]
[EventType "swiss"]
[EventRounds "5"]
[EventCountry "CAN"]
[SourceTitle "Scoresheets"]

1. d4 d5 2. Nf3 Nf6 3. e3 e6 4. Bd3 c5 5. c3 Nc6 6. Nbd2 Bd6 7. Qe2 O-O 8. dxc5 Bxc5 9. e4 d4 10. e5 Nd5 11. Nb3 Qb6 12. Qe4 f5 13. Qh4 dxc3 14. Ng5 h6 15. Nh3 Nxe5 16. Bc2 Rf6 17. O-O Rg6 18. Kh1 Rg4 19. Qh5 Nf6 20. Qxg4 Nfxg4 21. Nxc5 Qxc5 22. Bb3 cxb2 23. Bxb2 Nd3 24. Rad1 Nxb2 25. Rd8+ Kf7 26. f3 Qc7 27. Rd2 Qxh2# 0-1